| 000 | 00369nam a2200145Ia 4500 | ||
|---|---|---|---|
| 008 | 230917s9999||||xx |||||||||||||| ||und|| | ||
| 040 |
_e46694 _aMAIN |
||
| 041 | _aEnglish | ||
| 082 | _a410 S62M | ||
| 100 | _aSmith, Neil | ||
| 245 | 0 | _aModern linguistics: the results of chomsky's revolution | |
| 260 |
_aSussex _bHarvester _c1979 |
||
| 300 | _a334 p. | ||
| 942 | _cBK | ||
| 999 |
_c210886 _d210886 |
||